Most Followed UFC Fighters - Statistics

General Stats
  • This quiz has been taken 185 times
  • The average score is 8 of 15
Answer Stats
Follower Amount Answer % Correct
47.5M Connor McGregor
100%
38.8M Khabib Nurmagomedov
94%
8.4M Jon Jones
91%
8.2M Islam Makhachev
77%
8.7M Israel Adesanya
66%
4.8M Dustin Poirier
60%
5.2M Anderson Silva
58%
4.9M George St-Pierre
56%
7.5M Charles Oliveira
51%
6.8M Nate Diaz
44%
8M Khamzat Chimaev
42%
7.1M Francis Ngannou
40%
17.5M Ronda Rousey
40%
4.4M Donald Cerrone
10%
3.9M Zubaira Tukhugov
2%
No matching quizzes found
Score Distribution
Percent of People with Each Score
Percentile by Number Answered
Your Score History
You have not taken this quiz